000 01653nam a2200325 4500
001 181
003 OSt
005 20250528074014.0
008 250131b |||||||g |||| 00| 1 eng d
020 _a8532505163
040 _bpor
041 _heng
_apor
082 _a813
_bC928g
100 1 _aCrichton, Michael,
_d1942-2008.
_9335
240 _aThe great train robbery
245 _aO grande roubo do trem /
_cCrichton, Michael ; Tradução de Aulyde de Soares Rodrigues
260 _aRio de Janeiro
_bRocco
_c1995
300 _a263 p.
520 _aThe Great Train Robbery -- O grande roubo do trem é baseado em um crime ocorrido na Inglaterra de 1854. Num golpe espetacular, um cavalheiro aristocrático, um chaveiro e um guarda escolhem um trem como palco para o teatral roubo de doze mil libras em barras de ouro, de um cofre-vagão hermeticamente fechado. Para completar o quadro, um famoso homem-aranha protagoniza fuga debochada, escalando os muros da prisão. Utilizando fontes como o testemunho real dos criminosos no tribunal, em 1856, Crichton mais uma vez investe no romance bibliográfico, apresentando uma história cujo fascínio está no detalhe e na secreta admiração que os mais rígidos personagens vitorianos nutriam pelos ladrões, num exercício de compensação aos padrões da época.
650 0 _aLiteratura Americana
_984
650 0 _aAventura
_947
650 0 _aSuspense
_910
650 0 _aCrime e Investigação
_913
650 0 _aFatos Reais
_933
650 0 _aClássicos
_977
655 0 _aRomance
_923
655 0 _aFicção
_922
700 _aAulyde Soares Rodrigues
_eTradutor
_9302
942 _2ddc
_n0
_cBK
999 _c181
_d181